Tìm hiểu và bình luận các tội phạm về ma túy trong bộ Luật hình sự 1999
Gardado en:
| Autor Principal: | |
|---|---|
| Formato: | Libro |
| Idioma: | Undetermined |
| Publicado: |
Cà Mau
Mũi Cà Mau
2000
|
| Những chủ đề: | |
| Các nhãn: |
Engadir etiqueta
Sen Etiquetas, Sexa o primeiro en etiquetar este rexistro!
|
| Thư viện lưu trữ: | Trung tâm Học liệu Trường Đại học Cần Thơ |
|---|
| LEADER | 00678nam a2200205Ia 4500 | ||
|---|---|---|---|
| 001 | CTU_46898 | ||
| 008 | 210402s9999 xx 000 0 und d | ||
| 020 | |c 24000 | ||
| 082 | |a 345.5970277 | ||
| 082 | |b Đ307 | ||
| 100 | |a Nguyễn, Ngọc Điệp | ||
| 245 | 0 | |a Tìm hiểu và bình luận các tội phạm về ma túy trong bộ Luật hình sự 1999 | |
| 245 | 0 | |c Nguyễn Ngọc Điệp, Đoàn Tấn Minh | |
| 260 | |a Cà Mau | ||
| 260 | |b Mũi Cà Mau | ||
| 260 | |c 2000 | ||
| 650 | |a Criminal law,Nacortic, control of | ||
| 650 | |z Vietnam | ||
| 904 | |i Giang sửa | ||
| 980 | |a Trung tâm Học liệu Trường Đại học Cần Thơ | ||